000 01547nam0a22003491 4500
001 rc\3440789
005 20220420150251.0
021 _aRU
_b[71-1246]
035 _a(NLR Aleph) 007590262
090 _a5603726
_c5603726
100 _a20130115d1970 |||y0rusy50 ca
101 0 _arus
102 _aRU
105 _aa z |||||
181 0 _ai
_baxxe
182 0 _an
200 1 _aГерой Советского Союза Д.М. Карбышев. (1880-1945 гг.)
_eРек. список литературы
_fОмская обл. науч. б-ка им. А.С. Пушкина. Справочно-библиогр. отд.
203 _aТекст
_bвизуальный
_cнепосредственный
210 _aОмск
_cБ. и.
_d1970
215 _a24 с.
_cил.
_d17
300 _aВ вып. дан. сост.: Звенигородская Э.Я.
532 1 0 _aГерой Советского Союза Дмитрий Михайлович Карбышев. (1880-1945 гг.)
606 _aГерои Советского Союза
_yОмск
_jБиблиография
_2psbo
702 1 _aЗвенигородская
_bЭ. Я.
_4220
702 1 _aКарбышев
_bД. М.
_f1880-1945
_gДмитрий Михайлович
_3RU\NLR\AUTH\770276072
_4570
712 0 2 _aОмская областная научная библиотека им. А. С. Пушкина
_3RU\NLR\AUTH\889964498
801 0 _aRU
_bNLR
_gpsbo
801 1 _aRU
_bELAR
_2rusmarc
852 _aNLR
_j641/К-21
942 _cBOOK
980 _aNB